00644nam a22002177a 450000500170000001000130001702000220003003500130005203700160006504000120008108200190009310000270011224500880013924600060022726000430023327000150027630000260029150000510031765000400036865000180040820170124105937.0 aA-543869 c00.00a8171170455 aA-543869 bCen Lib/Ret aDPLbEN a330.95456bBHA aBhattacharyya, Gayatri aRefuge rehabilittion and its impact on tripura's economy /cby Gaytri Bhattacharyya b  bOmsons Publications aNew Delhi c1988 bNew Delhi  aviii, 187p.c21cm(Hb) aIncludes bibliographical references and index  aSocio-economic condition zTripura  aRehabilitaion